• 首页
  • 本馆介绍
  • 公告通知
  • 最新文献
  • 馆藏检索
  • 电子资源
  • 读者导购
  • 参考咨询
  • 我的图书馆
  • 登录
  • 详细信息显示
  • 放入我的书架
  • 预约/预借图书
  • 作者相关作品
  • 分类相关作品
  • 丛书相关作品
  • 出版社相关作品

书目信息

  • 表格格式
  • 工作单格式
  • 卡片格式
题名:
西方礼节
    
 
作者: 云从龙 , Willmott 著 ;万荣芳 , 陈云清 译
分册:  
出版信息: 北京   商务印书馆  1986
页数: 121页
开本: 19cm
丛书名: 英语世界丛书
单 册:
中图分类: H319.4 , H319.5
科图分类:
主题词: 英语-礼节--对照读物 , 礼节-英语--对照读物
电子资源:
ISBN:
000 00952nam2 2200337 45
001 0186016020
005 20040513094028.5
010    @dCNY0.60
091    @a9017.1521
100    @a19900813d1986 em y0chiy0121 ea
101 2  @achi@aeng
102    @aCN@b110000
105    @ay z 000yy
106    @ar
200 10 @a西方礼节@Axi fang li jie@dWESTERN MANNERS@f(加拿大)云从龙(Willmott,E.)著@g万荣芳, 陈云清译@zeng
210    @a北京@c商务印书馆@d1986
215    @a121页@d19cm
225 2  @a英语世界丛书
300    @a英汉对照
410  0 @120010@a英语世界丛书
606    @a英语-礼节@x对照读物
606    @a礼节-英语@x对照读物
690    @aH319.4@v3
690    @aH319.5
701  1 @a云从龙@Ayun cong long@bE.@4著
701 A1 @aWillmott@bE.@4著
702  0 @a万荣芳@Awan rong fang@4译
702  0 @a陈云清@Achen yun qing@4译
801  0 @aCN@b深圳图书馆@c20040513
801  2 @aCN@bNLC@c20040513
905    @f4@b166509-512@dH319.5@e100
    
    西方礼节=WESTERN MANNERS/(加拿大)云从龙(Willmott,E.)著/万荣芳, 陈云清译.-北京:商务印书馆,1986
    121页;19cm.-(英语世界丛书)
    英汉对照
    
    ISBN :CNY0.60
    
●
相关链接 在E读中查询图书 在五车中查询图书 在当当中查询图书 在豆瓣中查询图书


正题名:西方礼节     索取号:H319.5/100         预约/预借

序号 登录号 条形码 馆藏地/架位号 状态 备注
1 0166509   001081359   密集书库/ [索取号:H319.5/100] 在馆    
2 0166510   001081368   密集书库/ [索取号:H319.5/100] 在馆    
3 0166511   001081340   密集书库/ [索取号:H319.5/100] 在馆    
4 0166512   001081331   密集书库/ [索取号:H319.5/100] 在馆    
5 0166513   001081402   密集书库/ [索取号:H319.5/100] 在馆    
唐山师范学院图书馆 欢迎您!
大连网信软件有限公司© 版权所有